Hausberge von Schweizer Städten - Statistiken

Allgemein
  • Dieses Quiz wurde 151 mal gespielt
  • Das Durchschnittsergebnis liegt bei 7 aus 15
Antwortstatistiken
Ortschaft Hausberg % Korrekt
Zermatt Matterhorn
91%
Luzern Pilatus
79%
Zürich Uetliberg
73%
Bern Gurten
66%
St. Gallen und Bodensee-Region Säntis
65%
Grindelwald Eiger
62%
Thun Stockhorn
48%
Solothurn Weissenstein
45%
Lugano Monte Brè/ Monte San Salvatore
43%
Chur Haldensteiner Calanda
24%
Locarno Cimettà
16%
Basel St. Chrischona
15%
Neuenburg Chaumont
11%
Genf Mont Salève
10%
Ascona Monte Verità
6%
Keine übereinstimmenden Quizze gefunden
Verteilung der Resultate
Anzahl Personen mit jedem Resultat
Perzentil nach korrekt beantworteten Fragen
Ihre Resultats-Entwicklung
Sie haben dieses Quiz noch nicht gespielt